banner koha

Sistemas de producao para citros; Encosta Superior do Nordeste e Encosta Inferior do Nordeste - Rio Grande do Sul [Brasil] (Registro n. 262557)

MARC details
000 -LÍDER
campo de controle de tamanho fixo 01001nac a22002537a 4500
001 - NÚMERO DE CONTROLE
campo de controle BR6008312
003 - IDENTIFICADOR DO NÚMERO DE CONTROLE
campo de controle BR-BrBNA
005 - DATA E HORÁRIO DA ÚLTIMA TRANSAÇÃO
campo de controle 20240105113225.0
008 - CAMPO DE DADOS FIXOS--INFORMAÇÃO GERAL
campo de controle de tamanho fixo 230509b bl.|||m| |||| 00| 0 por d
040 ## - FONTE DA CATALOGAÇÃO
Instituição da catalogação original BR-BrBNA
Idioma da catalogação por
Instituição que transcreveu o registro Biblioteca Nacional de Agricultura
072 ## - CÓDIGO DE CATEGORIA DE ASSUNTO
Código de Categoria de Assunto F00
090 ## - NÚMERO DE CHAMADA LOCAL
Número de chamada 1000 BR6008312
110 1# - ENTRADA PRINCIPAL--NOME CORPORATIVO
Nome corporativo ou nome da jurisdição Empresa Brasileira de Assistencia Tecnica e Extensao Rural, Brasilia, DF;
9 (RLIN) 3797
110 1# - ENTRADA PRINCIPAL--NOME CORPORATIVO
Nome corporativo ou nome da jurisdição Empresa Brasileira de Pesquisa Agropecuaria, Brasilia, DF
9 (RLIN) 3834
245 1# - TÍTULO
Título Sistemas de producao para citros; Encosta Superior do Nordeste e Encosta Inferior do Nordeste - Rio Grande do Sul [Brasil]
260 3# - PUBLICAÇÃO, DISTRIBUIÇÃO, ETC.
Local de publicação, distribuição, etc. Porto Alegre, RS (Brasil):
Nome do editor, distribuidor, etc. Empresa de Assistencia Tecnica e Extensao Rural do Rio Grande do Sul,
Data da publicação, distribuição, etc. 1976.
300 ## - DESCRIÇÃO FÍSICA
Extensão 46 p.
490 ## - TÍTULO DA SÉRIE
Título da série Sistemas de Producao. Boletim (Brazil)
Número do volume ou designação sequencial da série no. 62
ISSN - International Standard Serial Number
650 ## - ASSUNTO--TERMO TÓPICO
Cabeçalho tópico ou nome geográfico FRUTA CITRICA
650 ## - ASSUNTO--TERMO TÓPICO
Cabeçalho tópico ou nome geográfico PRATICA CULTURAL
650 ## - ASSUNTO--TERMO TÓPICO
Cabeçalho tópico ou nome geográfico RIO GRANDE DO SUL
909 ## -
-- 202312
-- Lúcia Elande
-- 55
-- Lúcia Elande
942 ## - ELEMENTOS DE ENTRADA ADICIONADOS (KOHA)
Fonte da classificação ou esquema de arquivamento na estante Classificação AGRIS
Ocultar no OPAC Não
Tipo de material Koha Monografia Seriada
Exemplares
Situação do descarte Fonte da classificação ou esquema de arquivamento na estante Situação física Não pode ser emprestado Coleção Biblioteca de origem Biblioteca atual Localização na estante Total de empréstimos Número de telefone completo Código de barras Data de último acesso Tipo de material Koha Fonte de aquisição
  Classificação AGRIS       Biblioteca Nacional de Agricultura - Binagri Biblioteca Nacional de Agricultura - Binagri Agrobase - Acervo Geral   1000 BR6008312 1000 BR6008312 18/12/2023 Monografia Seriada Portaria Interministerial nº 164/94

BINAGRI

Telefone: (61)3218-2567/2388/3357/2097 - binagri@agro.gov.br

Ministério da Agricultura e Pecuária , Esplanada dos Ministérios, Bloco D, Anexo B, Brasília/DF, CEP: 70.043-900